| 000 | 00578cam a22002053a 4500 | ||
|---|---|---|---|
| 001 | 41739 | ||
| 003 | PGUSA | ||
| 005 | 20140828083936.0 | ||
| 008 | 121230s2012||||xxu|||||s|||||000 | eng d | ||
| 040 |
_aPGUSA _beng |
||
| 042 | _adc | ||
| 100 | 1 | _aBarnett, C. Z. | |
| 245 | 1 | 2 |
_aA Christmas Carol : _bThe Miser's Warning _h[electronic resource] / _cC. Z. Barnett |
| 260 |
_bProject Gutenberg, _c2012 |
||
| 506 | _aPublic domain in the USA. | ||
| 516 | _aElectronic text | ||
| 830 | 0 |
_aProject Gutenberg _v41739 |
|
| 856 | 4 | 0 | _uhttp://www.gutenberg.org/ebooks/41739 |
| 942 | _cEB | ||
| 999 |
_c270991 _d270991 |
||